00830nam a2200253 i 4500001001000000003000900010005001700019007000300036008004100039040003000080041000800110082002600118100004300144245009300187250002200280264007400302300002800376336002700404337003300431338002800464504003400492650002500526650002500551000026685DO-SdBNP20260321073641.0ta110324s1986 dr 000 0 spa d aDO-SdBNPbspacBNPHUerda aspa 4a321.5bB742b 19862221 a Bosch, Juan, d1909-2001eautor4aut.10aBreve historia de la oligarquía y tres conferencias sobre el feudalismo /cJuan Bosch. aQuinta edición  aSanto Domingo, República Dominicana :bEditora Alfa y omega,c1986. a225 páginas ;c21 cm. atextobtxt2rdacontent asin mediaciónbn2rdamedia avolumenbnc2rdacarrier aBibliografía: páginas 225 4aOligarquiaxHistoria 4aFeudalismoxHistoria